LEADER 01755namaa2200385 i 4500 001 000000178112 003 CaOOAMICUS 005 20251105134225.0 007 tu 008 251006s2025 it 000 u ita r 020 $a978-88465-1342-7* 040 $aPUL$bita$erda 082 0 $a347.45 100 1 $aSandulli, Nicola,$d1954-,$eautore.$0(OLS)http://pul/name/28472 245 10$aDal rito sommario al rito semplificato alla luce del 'correttivo' /$cPiero Sandulli. 264 4$c©2025. 264 1$aCittą del Vaticano :$bLateran University Press ;$aCittą del Vaticano :$bL.E.V.,$c2025. 300 $a80 pagine ;$c21 cm 336 $atesto$btxt$2rdacontent 337 $asenza mediazione$bn$2rdamedia 338 $avolume$bnc$2rdacarrier 490 1 $aCommenti ;$v11 504 $aBibliografia in nota a pič pagina. 830 0$aCommenti ;$v11.$0(OLS)http://pul/title/219671 850 $aPUL 852 $aPUL$W1$xDP2 Diritto e Scienze Sociali 3$y110$m347. 45 SANPI 1.B$j202064$aSeconda copia.$qDDC 21$B207283$CPULBib$Z2$F207283 $H138236 $81 852 $aPUL$W1$xSL Diritto e Scienze Sociali 3$y79$m347. 45 SANPI 1$j202001$qDDC 21$B207125$CPULBib$Z2$F207125 $82 941 1 $a9 996 $6020$a978-88465-1342-7*$9(OLS)http://pul/number/170612 996 $6082$a347.45$9(OLS)http://pul/classification/384 996 $6245$aDal rito sommario al rito semplificato alla luce del 'correttivo'$9(OLS)http://pul/title/219670 996 $6264$aCittą del Vaticano :$bLateran University Press$9(OLS)http://pul/publisher/74585 996 $6264$aCittą del Vaticano :$bL.E.V.$9(OLS)http://pul/publisher/60342 996 $6264$a[S.l.] :$b[s.n.]$9(OLS)http://pul/publisher/0 LEADER 01601nam a2200361 a 4500 001 000000173448 003 CaOOAMICUS 005 20220719172224.0 008 200519s2019 it u000 u ita r 020 $a978-88-922-2045-4* 032 $aLibriCat 040 $aPUL$bita 082 04$a230.092 130 0 $aBarmherzigkeit und zärtliche Liebe. $bItaliano.$0(OLS)http://pul/title/214633 245 10$aMisericordia e tenerezza : $bil programma teologico di papa Francesco / $cKurt Appel, Jakob Helmut Deib (a cura di) 260 $aCinisello Balsamo :$bSan Paolo,$c©2019. 300 $a477 p.;$b$c25 cm 440 2$aL'abside ;$v86 500 $aTraduzione di Mattia Coser. 504 $aBibliografia in nota. 600 04$aFranciscus PP.,$d1936-2025$xTeologia.$0(OLS)http://pul/subject/44202 700 1 $aAppel, Kurt.$0(OLS)http://pul/name/93567 700 1 $aDeibl, Jakob Helmut.$0(OLS)http://pul/name/108187 830 2$aL'abside ;$v86.$0(OLS)http://pul/title/214634 850 $aPUL 852 $aPUL$W1$xSL Religione 3$y85$m230. 092 APPKU 1$j197440$qDDC 21$B202224$CPULBib$Z2$F202224 $H134120 $82 941 1 $a9 996 $6020$a978-88-922-2045-4*$9(OLS)http://pul/number/167451 996 $6082$a230.092$9(OLS)http://pul/classification/553 996 $6245$aMisericordia e tenerezza : $bil programma teologico di papa Francesco / $9(OLS)http://pul/title/214632 996 $6440$aL'abside $9(OLS)http://pul/title/214634 996 $6260$aCinisello Balsamo :$bSan Paolo$9(OLS)http://pul/publisher/54577